000
00232 a2200097 4500
001
24998
100
_a
Paradine, C.G
245
_a
Statistical methods for technologists
260
_a
_b
Eng University Press
_c
090
_c
16945
_d
16945
942
_a
NUST-CAE
_c
M
_c
7719
999
_c
260071
_d
260071